[Event "Guelph Futurity schev"]
[Site "Guelph CAN"]
[Date "2005.07.25"]
[Round "6"]
[White "Urquhart, Eddie"]
[Black "Kunte, Abhijit"]
[Result "1/2-1/2"]
[WhiteElo "2252"]
[BlackElo "2535"]
[PlyCount "74"]
[GameId "2160767910900633"]
[EventDate "2005.08.07"]
[EventType "schev"]
[EventRounds "10"]
[EventCountry "CAN"]
[SourceTitle "EXT 2007"]
[Source "ChessBase"]
[SourceDate "2006.11.23"]
[SourceVersion "1"]
[SourceVersionDate "2006.11.23"]
[SourceQuality "1"]

1. e4 c5 2. Nf3 e6 3. c3 Nf6 4. e5 Nd5 5. Bc4 d6 6. exd6 Qxd6 7. O-O Be7 8. d4 O-O 9. Bb3 Rd8 10. Nbd2 cxd4 11. Nc4 Qa6 12. Nxd4 Nc6 13. Nxc6 Qxc6 14. Qf3 Bf6 15. Ne3 Ne7 16. Qxc6 Nxc6 17. Ng4 Be7 18. Bf4 g5 19. Bc1 f5 20. Ne3 Kg7 21. Re1 Bf6 22. Nf1 Kg6 23. Bd2 Ne5 24. Rab1 a5 25. a4 Ra6 26. Be3 Rad6 27. Re2 Nd3 28. Bc2 Nf4 29. Rd2 Nd5 30. Bc5 Rc6 31. Ba3 Nb6 32. Rxd8 Bxd8 33. Rd1 Bc7 34. Ne3 Kf6 35. Bd3 e5 36. Bb5 Re6 37. b4 Rd6 1/2-1/2

[Event "Guelph Futurity schev"]
[Site "Guelph CAN"]
[Date "2005.07.25"]
[Round "7"]
[White "Ganguly, Surya Shekhar"]
[Black "Urquhart, Eddie"]
[Result "1-0"]
[WhiteElo "2566"]
[BlackElo "2252"]
[PlyCount "71"]
[GameId "2160767910900635"]
[EventDate "2005.08.07"]
[EventType "schev"]
[EventRounds "10"]
[EventCountry "CAN"]
[SourceTitle "EXT 2007"]
[Source "ChessBase"]
[SourceDate "2006.11.23"]
[SourceVersion "1"]
[SourceVersionDate "2006.11.23"]
[SourceQuality "1"]

1. e4 c5 2. Nf3 e6 3. d4 cxd4 4. Nxd4 a6 5. c4 Qc7 6. Nc3 d6 7. Be3 Be7 8. Rc1 Nd7 9. Be2 b6 10. O-O Bb7 11. f3 Ngf6 12. b4 Rc8 13. Na4 Qb8 14. Nb3 Bd8 15. Kh1 Bc7 16. Bg1 h5 17. c5 dxc5 18. bxc5 Bf4 19. Rc2 h4 20. Nxb6 Nxb6 21. cxb6 Nh5 22. Bf2 Bxh2 23. Rxc8+ Bxc8 24. Qc2 O-O 25. Na5 Bg3 26. Nc6 Qb7 27. Qc5 e5 28. Rd1 Bxf2 29. Qxf8+ Kh7 30. Ne7 Be6 31. Qg8+ Kh6 32. Qh8+ Kg5 33. f4+ Kxf4 34. Qxh5 Bxb6 35. Qxh4+ Ke3 36. Qg3+ 1-0

[Event "Guelph Futurity schev"]
[Site "Guelph CAN"]
[Date "2005.07.25"]
[Round "8"]
[White "Hamilton, Robert"]
[Black "Burnett, Ronald"]
[Result "1-0"]
[WhiteElo "2429"]
[BlackElo "2473"]
[PlyCount "169"]
[GameId "2160767910900639"]
[EventDate "2005.08.07"]
[EventType "schev"]
[EventRounds "10"]
[EventCountry "CAN"]
[SourceTitle "EXT 2007"]
[Source "ChessBase"]
[SourceDate "2006.11.23"]
[SourceVersion "1"]
[SourceVersionDate "2006.11.23"]
[SourceQuality "1"]

1. d4 Nf6 2. c4 e6 3. Nf3 b6 4. g3 Bb7 5. Bg2 Be7 6. Nc3 Ne4 7. Nxe4 Bxe4 8. O-O O-O 9. Bf4 c6 10. Rc1 a6 11. Qb3 b5 12. Ne5 Bxg2 13. Kxg2 d6 14. Nd3 Ra7 15. e4 Nd7 16. cxb5 cxb5 17. Nb4 Nb8 18. d5 exd5 19. Qxd5 Qd7 20. Rfd1 Rc8 21. Rxc8+ Qxc8 22. Rc1 Rc7 23. Rxc7 Qxc7 24. Qa8 Qc8 25. Nxa6 Qxa6 26. Qxb8+ Bf8 27. Qe8 h6 28. a3 g5 29. Bd2 Qb6 30. Be3 Qa6 31. h4 Kg7 32. hxg5 hxg5 33. Bxg5 Qb7 34. Bd2 Be7 35. Bc3+ Bf6 36. Bxf6+ Kxf6 37. Qh8+ Ke6 38. Qd4 Qa6 39. b3 Ke7 40. a4 bxa4 41. bxa4 Qa5 42. Qc4 Qa8 43. f3 Qa5 44. Qb5 Qd2+ 45. Kh3 Qh6+ 46. Kg4 f6 47. Qh5 Qc1 48. Qh7+ Ke6 49. Qf5+ Ke7 50. a5 Qc4 51. Qh7+ Kf8 52. Qd7 Qc5 53. Qf5 Qc3 54. a6 Kg7 55. Qd7+ Kg6 56. Qe8+ Kg7 57. Qe7+ Kg6 58. f4 Qd4 59. Qe8+ Kg7 60. Qd7+ Kg6 61. Qf5+ Kg7 62. Qd5 Qe3 63. Kf5 Qxg3 64. Qb7+ Kh6 65. a7 Qg6+ 66. Ke6 Qg4+ 67. Kd5 Qg8+ 68. Kc6 Qc4+ 69. Kxd6 Qd4+ 70. Ke6 Qc4+ 71. Kxf6 Qd4+ 72. Kf5 Qc5+ 73. e5 Qc2+ 74. Qe4 Qc8+ 75. e6 Qc5+ 76. Qe5 Qc2+ 77. Kf6 Qg6+ 78. Ke7 Qh7+ 79. Kd6 Qd3+ 80. Qd5 Qa6+ 81. Qc6 Qxa7 82. e7 Kh7 83. e8=Q Qa3+ 84. Qc5 Qd3+ 85. Kc7 1-0

[Event "Guelph Futurity schev"]
[Site "Guelph CAN"]
[Date "2005.07.25"]
[Round "8"]
[White "Urquhart, Eddie"]
[Black "MacPhail, John"]
[Result "1/2-1/2"]
[WhiteElo "2252"]
[BlackElo "2305"]
[PlyCount "29"]
[GameId "2160767910900643"]
[EventDate "2005.08.07"]
[EventType "schev"]
[EventRounds "10"]
[EventCountry "CAN"]
[SourceTitle "EXT 2007"]
[Source "ChessBase"]
[SourceDate "2006.11.23"]
[SourceVersion "1"]
[SourceVersionDate "2006.11.23"]
[SourceQuality "1"]

1. e4 c5 2. Nf3 d6 3. d4 cxd4 4. Nxd4 Nf6 5. f3 a6 6. c4 g6 7. Nc3 Bg7 8. Be3 Qc7 9. Rc1 O-O 10. Be2 Nbd7 11. Qd2 Re8 12. O-O Qb8 13. Rfd1 Ne5 14. Nd5 Nxd5 15. cxd5 1/2-1/2

[Event "Guelph Futurity schev"]
[Site "Guelph CAN"]
[Date "2005.07.25"]
[Round "9"]
[White "Kunte, Abhijit"]
[Black "Hamilton, Robert"]
[Result "1-0"]
[WhiteElo "2535"]
[BlackElo "2429"]
[PlyCount "101"]
[GameId "2160767910900647"]
[EventDate "2005.08.07"]
[EventType "schev"]
[EventRounds "10"]
[EventCountry "CAN"]
[SourceTitle "EXT 2007"]
[Source "ChessBase"]
[SourceDate "2006.11.23"]
[SourceVersion "1"]
[SourceVersionDate "2006.11.23"]
[SourceQuality "1"]

1. e4 e6 2. d4 d5 3. e5 c5 4. c3 Nc6 5. Nf3 Nh6 6. Na3 cxd4 7. cxd4 Nf5 8. Nc2 Nb4 9. Be2 Nxc2+ 10. Qxc2 Bb4+ 11. Kf1 Bd7 12. h4 Qb6 13. a3 Bf8 14. Qd1 Bb5 15. g4 Ne7 16. h5 h6 17. Be3 Nc6 18. Kg2 Be7 19. b4 Bxe2 20. Qxe2 Kd7 21. Ne1 Rhc8 22. Nd3 Ke8 23. Qb2 Qd8 24. Rhc1 Rc7 25. Rc3 Rac8 26. Rac1 Nb8 27. Rxc7 Rxc7 28. Nc5 Qc8 29. Qb3 b6 30. Qa4+ Kf8 31. Nd3 Rxc1 32. Nxc1 Qd7 33. Qxd7 Nxd7 34. Nd3 Nb8 35. Bd2 Na6 36. a4 Nc7 37. f4 g6 38. f5 gxf5 39. Bxh6+ Kg8 40. Kf3 fxg4+ 41. Kxg4 Ne8 42. Bg5 Bf8 43. h6 b5 44. a5 Kh7 45. Kh5 Nc7 46. Nc5 Bxc5 47. dxc5 d4 48. Kg4 Nd5 49. c6 d3 50. Kf3 Kg6 51. Bd2 1-0

[Event "Guelph Futurity schev"]
[Site "Guelph CAN"]
[Date "2005.07.25"]
[Round "10"]
[White "Hamilton, Robert"]
[Black "Ganguly, Surya Shekhar"]
[Result "1/2-1/2"]
[WhiteElo "2429"]
[BlackElo "2566"]
[PlyCount "51"]
[GameId "2160767910900649"]
[EventDate "2005.08.07"]
[EventType "schev"]
[EventRounds "10"]
[EventCountry "CAN"]
[SourceTitle "EXT 2007"]
[Source "ChessBase"]
[SourceDate "2006.11.23"]
[SourceVersion "1"]
[SourceVersionDate "2006.11.23"]
[SourceQuality "1"]

1. e4 e5 2. Nf3 Nc6 3. Bb5 a6 4. Ba4 Nf6 5. O-O b5 6. Bb3 Bc5 7. Nxe5 Nxe5 8. d4 Bxd4 9. Qxd4 d6 10. Bd5 Nxd5 11. exd5 Qf6 12. Nd2 O-O 13. b3 Nd7 14. Bb2 Qxd4 15. Bxd4 Bb7 16. c4 bxc4 17. bxc4 a5 18. Rfe1 Rfe8 19. Kf1 Ba6 20. Re3 Rxe3 21. fxe3 Rc8 22. Kf2 c5 23. dxc6 Rxc6 24. Rc1 Nb6 25. c5 dxc5 26. Rxc5 1/2-1/2

[Event "Guelph Futurity schev"]
[Site "Guelph CAN"]
[Date "2005.07.25"]
[Round "10"]
[White "Urquhart, Eddie"]
[Black "Burnett, Ronald"]
[Result "0-1"]
[WhiteElo "2252"]
[BlackElo "2473"]
[PlyCount "90"]
[GameId "2160767910900653"]
[EventDate "2005.08.07"]
[EventType "schev"]
[EventRounds "10"]
[EventCountry "CAN"]
[SourceTitle "EXT 2007"]
[Source "ChessBase"]
[SourceDate "2006.11.23"]
[SourceVersion "1"]
[SourceVersionDate "2006.11.23"]
[SourceQuality "1"]

1. d4 Nf6 2. Nf3 g6 3. Bf4 Bg7 4. e3 d6 5. Nbd2 O-O 6. Be2 Nbd7 7. h3 Qe8 8. O-O e5 9. dxe5 dxe5 10. Bh2 Qe7 11. Bc4 e4 12. Nd4 Ne5 13. Bb3 c5 14. Nb5 Rd8 15. Qe2 a6 16. Nc3 b5 17. a3 Bb7 18. Rfd1 Rd7 19. Nf1 Rad8 20. Rxd7 Rxd7 21. Rd1 c4 22. Ba2 Nf3+ 23. Kh1 Nxh2 24. Nxh2 h5 25. Nf1 h4 26. Nb1 Rxd1 27. Qxd1 Nd7 28. b3 c3 29. b4 Nb6 30. Nh2 Qd7 31. Qe1 Bd5 32. Bxd5 Nxd5 33. f3 Qe7 34. Nf1 exf3 35. gxf3 Bf6 36. Qf2 Qe6 37. Kg2 g5 38. Kh2 Be5+ 39. Kg2 Bc7 40. Qg1 Bb6 41. Kh2 Qe5+ 42. Kh1 Nxe3 43. Nxe3 Bxe3 44. Qg4 f5 45. Qh5 Kg7 0-1

[Event "Guelph Winter Pro Am"]
[Site "Guelph CAN"]
[Date "2005.02.02"]
[Round "1"]
[White "Calugar, Arthur"]
[Black "Ochkoos, Jura"]
[Result "0-1"]
[WhiteElo "1989"]
[BlackElo "2288"]
[PlyCount "82"]
[GameId "2160767911031347"]
[EventDate "2005.02.02"]
[EventType "swiss"]
[EventRounds "5"]
[EventCountry "CAN"]

1. e4 e5 2. Nf3 Nc6 3. Bb5 Nf6 4. O-O Nxe4 5. d4 Nd6 6. Bxc6 dxc6 7. dxe5 Nf5 8. Nc3 Qxd1 9. Rxd1 h6 10. Ne4 Bd7 11. b3 O-O-O 12. Bb2 Ne7 13. Nc5 Ng6 14. Nxd7 Rxd7 15. Rxd7 Kxd7 16. Rd1+ Kc8 17. Nd2 Bb4 18. Ne4 Re8 19. Ng3 Nxe5 20. f4 Bc5+ 21. Bd4 Bxd4+ 22. Rxd4 Ng4 23. Rd1 g6 24. h3 Nf6 25. Kf2 Nd5 26. Rd4 Nc3 27. a4 b5 28. Nf1 Re2+ 29. Kf3 Rxc2 30. Nd2 a6 31. Ke3 Nd5+ 32. Ke2 Kd7 33. g4 f5 34. axb5 axb5 35. b4 Rb2 36. gxf5 gxf5 37. Kd3 Ke6 38. Nf3 Rf2 39. Nd2 Rxf4 40. Rxf4 Nxf4+ 41. Ke3 Nd5+ 0-1

[Event "Guelph Winter Pro Am"]
[Site "Guelph CAN"]
[Date "2005.02.02"]
[Round "1"]
[White "Hamilton, Robert"]
[Black "Smith, Hazel"]
[Result "1-0"]
[WhiteElo "2408"]
[BlackElo "2088"]
[PlyCount "91"]
[GameId "2160767911031348"]
[EventDate "2005.02.02"]
[EventType "swiss"]
[EventRounds "5"]
[EventCountry "CAN"]

1. d4 e6 2. e4 d5 3. Nd2 Nf6 4. e5 Nfd7 5. c3 c5 6. Bd3 Nc6 7. Ndf3 Be7 8. Ne2 Qb6 9. O-O O-O 10. a3 f6 11. exf6 Nxf6 12. b4 cxd4 13. cxd4 Bd6 14. Bf4 Bxf4 15. Nxf4 Qc7 16. g3 e5 17. Nxe5 Nxe5 18. dxe5 Qxe5 19. Re1 Qg5 20. Rc1 Bg4 21. f3 Bd7 22. Rc7 b6 23. Nxd5 Nxd5 24. Bc4 Rad8 25. Qxd5+ Qxd5 26. Bxd5+ Kh8 27. Rxa7 Bh3 28. Re5 Rc8 29. Kf2 Rc2+ 30. Re2 Rc1 31. Ra8 Rf1+ 32. Ke3 Bc8 33. Be6 R1xf3+ 34. Kd4 Bb7 35. Rxf8+ Rxf8 36. Bd7 Kg8 37. Re8 Rxe8 38. Bxe8 Kf8 39. Bb5 Ke7 40. Ke5 Bg2 41. a4 h6 42. a5 bxa5 43. bxa5 g5 44. a6 Bf3 45. Bc4 Kd7 46. Bd5 1-0

[Event "Guelph Winter Pro Am"]
[Site "Guelph CAN"]
[Date "2005.02.03"]
[Round "2"]
[White "Friedman, Alexander"]
[Black "Pushkedra, Frank"]
[Result "0-1"]
[WhiteElo "1951"]
[BlackElo "2296"]
[PlyCount "54"]
[GameId "2160767911031351"]
[EventDate "2005.02.02"]
[EventType "swiss"]
[EventRounds "5"]
[EventCountry "CAN"]

1. d4 Nf6 2. c4 g6 3. Nc3 Bg7 4. e4 d6 5. f3 O-O 6. Be3 e5 7. Nge2 c6 8. Qd2 Nbd7 9. Rd1 a6 10. Nc1 Nh5 11. dxe5 dxe5 12. c5 Nf4 13. Nd3 Ne6 14. Be2 Qe7 15. b4 a5 16. a3 Nd4 17. O-O axb4 18. axb4 Nf6 19. Ra1 Rxa1 20. Rxa1 Nb3 21. Qb2 Nxa1 22. Qxa1 Nh5 23. Qc1 Be6 24. Na4 Ra8 25. Nb6 Ra2 26. Bf1 Nf4 27. Nc4 Rxg2+ 0-1

[Event "Guelph Winter Pro Am"]
[Site "Guelph CAN"]
[Date "2005.02.03"]
[Round "2"]
[White "Ochkoos, Jura"]
[Black "Hamilton, Robert"]
[Result "0-1"]
[WhiteElo "2288"]
[BlackElo "2408"]
[PlyCount "98"]
[GameId "2160767911031353"]
[EventDate "2005.02.02"]
[EventType "swiss"]
[EventRounds "5"]
[EventCountry "CAN"]

1. e4 e5 2. Nf3 Nc6 3. d4 exd4 4. Nxd4 Bc5 5. Be3 Qf6 6. c3 Nge7 7. Bc4 Qg6 8. O-O Ne5 9. Be2 d5 10. Bh5 Qxe4 11. Nd2 Qd3 12. Be2 Qg6 13. Bh5 Qf6 14. f4 N5c6 15. N2b3 Bb6 16. f5 Nxd4 17. Nxd4 Nc6 18. Qd2 Nxd4 19. cxd4 O-O 20. Rad1 Re8 21. Bg5 Qd6 22. f6 g6 23. Kh1 Re4 24. Bf4 Qxf6 25. Be5 Qe7 26. Bf3 Rxe5 27. dxe5 c6 28. Qh6 Bf5 29. g4 Bc2 30. Rd2 Ba4 31. g5 Be3 32. Rg2 Qxe5 33. Rg3 Bb5 34. Re1 d4 35. Qh3 Bc4 36. b3 Be6 37. Qg2 Rd8 38. h4 Qf4 39. Qh2 Qf5 40. Qg2 Bf4 41. Bg4 Qa5 42. Rxe6 fxe6 43. Bxe6+ Kg7 44. Qf2 Qe5 45. Rf3 Rf8 46. Bc4 b5 47. Bd3 Qd5 48. Kg2 a6 49. Qe1 Qxf3+ 0-1

[Event "Guelph Winter Pro Am"]
[Site "Guelph CAN"]
[Date "2005.02.03"]
[Round "3"]
[White "Assaripallam, Inigo Francis"]
[Black "Ochkoos, Jura"]
[Result "0-1"]
[WhiteElo "2088"]
[BlackElo "2288"]
[PlyCount "102"]
[GameId "2160767911031355"]
[EventDate "2005.02.02"]
[EventType "swiss"]
[EventRounds "5"]
[EventCountry "CAN"]

1. d4 d5 2. c4 e6 3. Nc3 f5 4. Bf4 c6 5. e3 Nf6 6. Nf3 Be7 7. Bd3 O-O 8. O-O Ne4 9. Qc2 Nd7 10. Ne5 Nxe5 11. Bxe5 Nd6 12. b3 Qe8 13. f3 Bd7 14. e4 dxe4 15. fxe4 Qh5 16. Rae1 fxe4 17. Nxe4 Nxe4 18. Bxe4 Qh6 19. Qd3 Rxf1+ 20. Rxf1 Rf8 21. Rxf8+ Bxf8 22. g3 Be8 23. Bf4 Qh5 24. Kg2 Be7 25. h3 Bf6 26. g4 Qh4 27. Qe3 Bf7 28. Bf3 h6 29. b4 a6 30. b5 axb5 31. cxb5 cxb5 32. Bxb7 b4 33. Bc8 e5 34. dxe5 Bd5+ 35. Kh2 Be7 36. Qd2 Bc4 37. Bb7 Kf8 38. Qc2 Be6 39. Bc8 Bf7 40. Qd2 Bc4 41. Bb7 Be6 42. Bf3 h5 43. Bg3 Qg5 44. Qf2 Kg8 45. gxh5 Qc1 46. Be4 Qc4 47. Bb1 Bc5 48. Qd2 Be7 49. h6 Qf1 50. h7+ Kh8 51. Qg2 Qxb1 0-1

[Event "Guelph Winter Pro Am"]
[Site "Guelph CAN"]
[Date "2005.02.03"]
[Round "3"]
[White "Wight, Keith"]
[Black "Thomson, Matt"]
[Result "1-0"]
[WhiteElo "2033"]
[BlackElo "1940"]
[PlyCount "73"]
[GameId "2160767911031358"]
[EventDate "2005.02.02"]
[EventType "swiss"]
[EventRounds "5"]
[EventCountry "CAN"]

1. e4 c6 2. d4 d5 3. Nc3 dxe4 4. Nxe4 Bf5 5. Ng3 Bg6 6. h4 h6 7. Nf3 Nd7 8. h5 Bh7 9. Bd3 Bxd3 10. Qxd3 e6 11. Bd2 Ngf6 12. O-O-O Be7 13. Kb1 O-O 14. Qe2 Qb6 15. Ne5 Rad8 16. Ng6 Ba3 17. Bc1 fxg6 18. Qxe6+ Kh8 19. hxg6 Rfe8 20. Qf7 Bf8 21. Nf5 h5 22. g4 Qa5 23. g5 Qd5 24. gxf6 Nxf6 25. Ng3 Re7 26. Qxd5 Rxd5 27. c4 Rd8 28. Nxh5 Kg8 29. Nf4 Re4 30. Rh4 Bb4 31. Rdh1 Kf8 32. a3 Ba5 33. f3 Ree8 34. Nh5 Nxh5 35. Rxh5 Bb6 36. Rh8+ Ke7 37. Bg5+ 1-0

[Event "Guelph Winter Pro Am"]
[Site "Guelph CAN"]
[Date "2005.02.04"]
[Round "4"]
[White "Pushkedra, Frank"]
[Black "Chung, Kevin"]
[Result "1-0"]
[WhiteElo "2296"]
[BlackElo "2095"]
[PlyCount "99"]
[GameId "2160767911031362"]
[EventDate "2005.02.02"]
[EventType "swiss"]
[EventRounds "5"]
[EventCountry "CAN"]

1. e4 e6 2. d4 d5 3. Nc3 Bb4 4. e5 c5 5. a3 Bxc3+ 6. bxc3 Ne7 7. a4 Qc7 8. Nf3 O-O 9. Bd3 f5 10. O-O Bd7 11. Qd2 b6 12. Qg5 Be8 13. Qh4 Ng6 14. Qg3 Nc6 15. h4 Nh8 16. Ba3 Nd8 17. c4 dxc4 18. Bxc4 Bxa4 19. d5 b5 20. d6 Qc6 21. Bb3 b4 22. Bc1 Bb5 23. Re1 a5 24. c4 bxc3 25. Bh6 Qd7 26. Rac1 a4 27. Ba2 Ng6 28. Be3 f4 29. Qg4 fxe3 30. fxe3 Re8 31. h5 Nh8 32. Rxc3 Rc8 33. Rec1 Nb7 34. Ng5 c4 35. Bb1 g6 36. Ne4 Rf8 37. Nf6+ Rxf6 38. exf6 Qf7 39. e4 Nxd6 40. e5 Nb7 41. Rg3 Be8 42. Rxc4 Rxc4 43. Qxc4 Na5 44. Qc8 Nc6 45. Ba2 Qa7+ 46. Kh2 Kf8 47. Qxe6 Nf7 48. hxg6 hxg6 49. Rh3 Nh6 50. Rxh6 1-0

[Event "Guelph Winter Pro Am"]
[Site "Guelph CAN"]
[Date "2005.02.04"]
[Round "5"]
[White "Hamilton, Robert"]
[Black "Pushkedra, Frank"]
[Result "1-0"]
[WhiteElo "2408"]
[BlackElo "2296"]
[PlyCount "91"]
[GameId "2160767911031364"]
[EventDate "2005.02.02"]
[EventType "swiss"]
[EventRounds "5"]
[EventCountry "CAN"]

1. c4 g6 2. d4 Bg7 3. Nc3 Nf6 4. e4 d6 5. f3 O-O 6. Be3 Nc6 7. Nge2 Rb8 8. Nd5 a6 9. Rc1 Ne8 10. Qd2 e6 11. Ndc3 e5 12. d5 Ne7 13. g3 f5 14. Bg2 Nf6 15. O-O Kh8 16. h3 Nh5 17. g4 Nf6 18. c5 h5 19. g5 Nh7 20. h4 f4 21. Bf2 Ng8 22. Rfd1 Nxg5 23. hxg5 Qxg5 24. Kf1 h4 25. Ng1 Qh5 26. Ke2 g5 27. Qd3 Nh6 28. Bh3 g4 29. fxg4 Nxg4 30. Nf3 Bf6 31. Rh1 Rg8 32. Rcg1 Bd7 33. cxd6 cxd6 34. Bb6 Rbc8 35. Kd2 Rg7 36. Qe2 Rcg8 37. Nh2 Qh6 38. Nxg4 Bxg4 39. Bxg4 f3+ 40. Be3 fxe2 41. Bxh6 Rxg4 42. Rxg4 Rxg4 43. Be3 Kh7 44. Kxe2 Rg2+ 45. Bf2 Kh6 46. Kf3 1-0

[Event "Guelph Winter Pro Am"]
[Site "Guelph CAN"]
[Date "2005.02.04"]
[Round "5"]
[White "Wight, Keith"]
[Black "Assaripallam, Inigo Francis"]
[Result "1-0"]
[WhiteElo "2033"]
[BlackElo "2088"]
[PlyCount "75"]
[GameId "2160767911031366"]
[EventDate "2005.02.02"]
[EventType "swiss"]
[EventRounds "5"]
[EventCountry "CAN"]

1. e4 e6 2. d4 d5 3. Nd2 Nf6 4. e5 Nfd7 5. Bd3 c5 6. c3 Nc6 7. Ne2 Qb6 8. O-O cxd4 9. cxd4 f6 10. exf6 Nxf6 11. Nf3 Bd6 12. a3 O-O 13. b4 e5 14. dxe5 Nxe5 15. Nxe5 Bxe5 16. Ra2 Ng4 17. Ng3 Bd4 18. Nh1 Bd7 19. h3 Ne5 20. a4 Nxd3 21. Qxd3 Bf5 22. Qb3 Rac8 23. Re2 Rc4 24. Ba3 Qg6 25. b5 Rd8 26. Rc1 Rdc8 27. Rxc4 dxc4 28. Qf3 Bf6 29. Qd5+ Kh8 30. Ng3 Bd3 31. Qxb7 Rd8 32. Re6 c3 33. Qxa7 c2 34. Qc7 h5 35. b6 h4 36. b7 hxg3 37. Qxd8+ Kh7 38. Rxf6 1-0

[Event "Guelph Winter Pro Am"]
[Site "Guelph CAN"]
[Date "2005.02.04"]
[Round "5"]
[White "Zubac, Marius"]
[Black "Ochkoos, Jura"]
[Result "0-1"]
[WhiteElo "2232"]
[BlackElo "2288"]
[PlyCount "68"]
[GameId "2160767911031367"]
[EventDate "2005.02.02"]
[EventType "swiss"]
[EventRounds "5"]
[EventCountry "CAN"]

1. d4 Nf6 2. c4 c5 3. d5 b5 4. cxb5 a6 5. b6 Qxb6 6. Nc3 d6 7. a4 g6 8. a5 Qa7 9. e4 Bg7 10. h3 Nbd7 11. Nf3 O-O 12. Bc4 Rb8 13. O-O Ne8 14. Qe2 Nc7 15. Nd2 Ne5 16. f4 Nxc4 17. Nxc4 Nb5 18. Nxb5 axb5 19. Nd2 Ra8 20. Rf3 c4+ 21. Kh1 Qc7 22. Rfa3 Ba6 23. Qe3 Rab8 24. Nf3 e6 25. Nd4 exd5 26. exd5 Rbe8 27. Qd2 Qc5 28. Nc6 Bb7 29. Nb4 Re4 30. a6 Ba8 31. Rf3 Rfe8 32. f5 Re1+ 33. Kh2 Qg1+ 34. Kg3 R8e2 0-1

[Event "Guelph int Futurity"]
[Site "Guelph CAN"]
[Date "2005.07.28"]
[Round "1"]
[White "Kagramanov, Dina"]
[Black "Millisits, Ryan"]
[Result "0-1"]
[WhiteElo "1938"]
[BlackElo "2203"]
[PlyCount "78"]
[GameId "2160767910900849"]
[EventDate "2005.07.28"]
[EventType "swiss"]
[EventRounds "9"]
[EventCountry "CAN"]

1. e4 c5 2. Nf3 Nc6 3. Bb5 e6 4. c3 Nge7 5. O-O a6 6. Ba4 b5 7. Bc2 d5 8. a4 b4 9. exd5 Nxd5 10. d4 Bb7 11. Re1 Be7 12. Qd3 Rc8 13. dxc5 Bxc5 14. Ng5 Qe7 15. Qh3 Nd8 16. Bf5 Rc6 17. Be4 Rd6 18. Bf3 Nf6 19. Bf4 Rd7 20. Bxb7 Rxb7 21. Nd2 Nd5 22. Qf3 bxc3 23. bxc3 O-O 24. Nde4 Rb2 25. Nxc5 Qxc5 26. Ne4 Qc4 27. Bd6 Re8 28. Rad1 f5 29. Ng5 h6 30. Qh5 Nf6 31. Qg6 hxg5 32. Be5 Qh4 33. g3 Qh5 34. Qxh5 Nxh5 35. Bc7 Nf7 36. Rd7 Nf6 37. Rd4 e5 38. Rc4 Rc8 39. Rd1 Rb7 0-1

[Event "Guelph int Futurity"]
[Site "Guelph CAN"]
[Date "2005.07.28"]
[Round "1"]
[White "Magar, Thomas"]
[Black "Xia, Angel"]
[Result "1/2-1/2"]
[WhiteElo "2149"]
[BlackElo "1938"]
[PlyCount "121"]
[GameId "2160767910900850"]
[EventDate "2005.07.28"]
[EventType "swiss"]
[EventRounds "9"]
[EventCountry "CAN"]

1. d4 d5 2. c4 e6 3. Nc3 Nf6 4. cxd5 exd5 5. Bg5 Nbd7 6. e3 c6 7. Bd3 Be7 8. Qc2 O-O 9. Nf3 h6 10. Bh4 b6 11. O-O Bb7 12. Rac1 c5 13. dxc5 bxc5 14. Be2 Rc8 15. Rfd1 Qb6 16. b3 Rfd8 17. Na4 Qa5 18. Qd2 Qxd2 19. Rxd2 g5 20. Bg3 Ne4 21. Rdc2 Nxg3 22. hxg3 Rc7 23. Nd4 a6 24. Bg4 Nf6 25. Bf5 c4 26. bxc4 dxc4 27. Rxc4 Rxc4 28. Rxc4 Bd6 29. Nb6 Nd5 30. Nxd5 Bxd5 31. Ra4 Ra8 32. Bd3 a5 33. Nb5 Bc6 34. f4 Bb4 35. Kf2 Rb8 36. a3 Bxb5 37. Bxb5 Rxb5 38. axb4 axb4 39. Ra1 Kg7 40. Ke2 b3 41. Rb1 b2 42. fxg5 hxg5 43. Kd2 Rb3 44. Kc2 Rxe3 45. Kxb2 Rxg3 46. Rg1 f5 47. Kc2 f4 48. Kd2 Kf6 49. Ke2 Kf5 50. Kf2 g4 51. Ra1 Re3 52. Ra5+ Re5 53. Ra8 g3+ 54. Kf1 Kg4 55. Rg8+ Rg5 56. Ra8 Rg7 57. Ra4 Rf7 58. Ra5 f3 59. Ra4+ Rf4 60. gxf3+ Kxf3 61. Rxf4+ 1/2-1/2

[Event "Guelph int U2000"]
[Site "Guelph CAN"]
[Date "2005.07.28"]
[Round "1"]
[White "Dutton, Mark"]
[Black "Baxted, Peter"]
[Result "1-0"]
[WhiteElo "1887"]
[BlackElo "1686"]
[PlyCount "103"]
[GameId "2160767910900851"]
[EventDate "2005.07.28"]
[EventType "swiss"]
[EventRounds "9"]
[EventCountry "CAN"]

1. Nf3 d5 2. g3 c5 3. Bg2 Nc6 4. d4 Bf5 5. O-O e6 6. b3 Nf6 7. Bb2 Be7 8. Nbd2 O-O 9. Nh4 Bg4 10. h3 Bh5 11. Nhf3 Bg6 12. e3 Ne4 13. c4 cxd4 14. cxd5 exd5 15. Nxd4 Nxd4 16. Bxd4 Bf6 17. Nxe4 dxe4 18. Bxf6 Qxf6 19. Rc1 Rac8 20. Qd5 Rxc1 21. Rxc1 Qb2 22. Rd1 Qxa2 23. Qxb7 h6 24. b4 Qe2 25. Qd5 Rb8 26. Bf1 Qb2 27. b5 Rc8 28. Rd2 Qc1 29. Ra2 Qe1 30. Qd2 Qxd2 31. Rxd2 Rc7 32. Rd4 Kf8 33. g4 h5 34. Bg2 hxg4 35. hxg4 Rb7 36. Rd5 f6 37. Kh2 Ke7 38. Bf1 Bf7 39. Rd4 Bg6 40. Bc4 Rd7 41. Bd5 Kd8 42. Kg3 Kc7 43. Kf4 Kb6 44. Bxe4 Rxd4 45. exd4 Bxe4 46. Kxe4 Kxb5 47. Kd5 a5 48. Ke6 a4 49. d5 a3 50. d6 a2 51. d7 a1=Q 52. d8=Q 1-0

[Event "Guelph int U2000"]
[Site "Guelph CAN"]
[Date "2005.07.28"]
[Round "2"]
[White "Laszlo, Robert"]
[Black "Dutton, Mark"]
[Result "0-1"]
[WhiteElo "1780"]
[BlackElo "1887"]
[PlyCount "66"]
[GameId "2160767910900852"]
[EventDate "2005.07.28"]
[EventType "swiss"]
[EventRounds "9"]
[EventCountry "CAN"]

1. e4 e5 2. Nf3 Nc6 3. Bb5 f5 4. Nc3 fxe4 5. Nxe4 Nf6 6. d3 d6 7. O-O Be7 8. c3 Bg4 9. Ng3 O-O 10. Qb3+ Kh8 11. Bxc6 bxc6 12. Ng5 d5 13. h3 Bd7 14. Qa4 h6 15. Nf3 c5 16. Qc2 Bd6 17. Nh4 Qe8 18. Nhf5 Qg6 19. Nxd6 cxd6 20. Qe2 Rae8 21. Kh2 Bb5 22. c4 Bc6 23. Be3 e4 24. dxe4 Nxe4 25. Nxe4 Rxe4 26. cxd5 Bxd5 27. Qd2 Rd4 28. f3 Rxd2 29. Bxd2 Qc2 30. Bc3 Bxf3 31. Rg1 Bc6 32. Rac1 Qg6 33. Rcd1 Rf2 0-1

[Event "Guelph int U2000"]
[Site "Guelph CAN"]
[Date "2005.07.29"]
[Round "3"]
[White "Dutton, Mark"]
[Black "Berthoud, Kevin"]
[Result "1/2-1/2"]
[WhiteElo "1887"]
[BlackElo "1804"]
[PlyCount "109"]
[GameId "2160767910900853"]
[EventDate "2005.07.28"]
[EventType "swiss"]
[EventRounds "9"]
[EventCountry "CAN"]

1. Nf3 c5 2. g3 Nc6 3. d4 d5 4. Bg2 e6 5. O-O Nf6 6. b3 Be7 7. Bb2 O-O 8. Nbd2 Ne4 9. e3 f5 10. c4 cxd4 11. Nxd4 Nxd4 12. Bxd4 Nxd2 13. Qxd2 dxc4 14. bxc4 Qc7 15. Qc3 Bf6 16. Bxf6 Rxf6 17. Rab1 Rb8 18. Rfd1 b6 19. Qd4 Rf8 20. Qd6 Qxd6 21. Rxd6 Kf7 22. c5 Ke7 23. Rc6 Bd7 24. Rc7 Rfc8 25. Rxa7 Rxc5 26. Rd1 Rd8 27. Rb7 b5 28. Bf1 Ke8 29. Rdxd7 Rxd7 30. Bxb5 Rxb5 31. Rxb5 Ra7 32. Rb2 Kf7 33. Kf1 Kf6 34. Ke2 Ra3 35. Kd2 Ke5 36. Kc2 g5 37. Kb1 Ke4 38. Rd2 e5 39. Kb2 Ra7 40. a3 h5 41. Kb3 f4 42. exf4 exf4 43. a4 fxg3 44. fxg3 Ke3 45. Rd5 Rg7 46. Kb4 Kf3 47. a5 h4 48. gxh4 gxh4 49. a6 h3 50. Kb5 Kg2 51. Rd2+ Kg1 52. Kc6 Rg2 53. Rxg2+ hxg2 54. a7 Kxh2 55. a8=Q 1/2-1/2